Los secretos de la santería /

Na minha lista:
Detalhes bibliográficos
Autor principal: Efundé, Agún (autor)
Formato: Livro
Idioma:espanhol
Publicado em: Miami, EUA : Universal, 1996, c1978
Colecção:(Ebano y Canela)
Assuntos:
Tags: Adicionar Tag

MARC

LEADER 00000nam^a2200000^a^4500
001 000154460
005 20250521000000.0
009 20260310100354.664
020 |a 0-89729-204-9 
037 |a Acervo ITESO - Biblioteca 
041 |a ESP 
082 |a 299. 67097291  |b EFU 
100 |a Efundé, Agún  |e (autor) 
245 1 4 |a Los secretos de la santería /  |c A. Efundé. 
264 4 |a Miami, EUA :  |b Universal,  |c 1996, c1978 
300 |a 116 p. 
336 |a texto  |b txt  |2 rdacontenido 
337 |a sin mediación  |b n  |2 rdamedio 
338 |a volumen  |b nc  |2 rdasoporte 
440 1 |a (Ebano y Canela) 
649 |a XX 
650 |a Negros en Cuba 
650 |a Santería -  |z Cuba 
650 |a Yoruba (Religión) -  |z Cuba 
650 |a Identidad Cultural -  |z Cuba 
650 |a Prácticas Culturales -  |z Cuba 
650 |a Magia -  |z Cuba 
650 |a Religiones Afroamericanas -  |z Cuba 
650 |a Antropología Cultural 
910 |a Fondo General 
920 |a Impresos - Libros 
930 |a Colección General 
905 |a 101 
901 |a 0500086017  |b IT1  |c ACC  |u 20250521 
902 |a https://opac.biblio.iteso.mx/vufind/Record/000154460